000
00295nam a22001337a 4500
008
180921b xxu||||| |||| 00| 0 eng d
020
_a
0815135297
041
_a
eng
080
_a
618
100
_a
10
101
_a
GJI
245
_a
Endocrinology Of Pregnacy
_c
Givens.J.R
942
_2
udc
_c
BK
999
_c
48153
_d
48153